[Event "Klatovy"]
[Site "?"]
[Date "2007.??.??"]
[Round "?"]
[White "Jakl, A."]
[Black "Muhlbauer, H."]
[Result "1/2-1/2"]
[WhiteElo "1965"]
[BlackElo "1785"]
[PlyCount "75"]
[EventDate "2007.??.??"]

1. e4 e5 2. Nf3 Nf6 3. Qe2 Nc6 4. d3 Be7 5. g3 d6 6. Bg2 O-O 7. Nbd2 Ne8 8. Nf1
f5 9. exf5 Bxf5 10. Ne3 Be6 11. c3 Qd7 12. h4 h6 13. d4 exd4 14. Nxd4 Nxd4 15.
cxd4 d5 16. Bd2 Nf6 17. O-O Bh3 18. Rac1 c6 19. Be1 Bd6 20. Bxh3 Qxh3 21. Qf3
Rae8 22. Qf5 Qxf5 23. Nxf5 Ne4 24. Nxd6 Nxd6 25. Bb4 Rf6 26. Bxd6 Rxd6 27. Rfe1
Rde6 28. Kf1 Re4 29. f3 R4e6 30. Rxe6 Rxe6 31. Re1 Rf6 32. Kf2 Kf7 33. Re5 Rd6
34. Ke3 a5 35. g4 b6 36. Rf5+ Ke7 37. Re5+ Kf7 38. Rf5+ 1/2-1/2

[Event "Klatovy"]
[Site "?"]
[Date "2007.??.??"]
[Round "?"]
[White "Lexa, V."]
[Black "Skopec, L."]
[Result "1-0"]
[WhiteElo "1955"]
[BlackElo "1850"]
[PlyCount "105"]
[EventDate "2007.??.??"]

1. d4 Nf6 2. c4 e6 3. Nc3 Bb4 4. Qc2 O-O 5. e4 c5 6. e5 cxd4 7. a3 dxc3 8. axb4
cxb2 9. Bxb2 Ne8 10. Bd3 d6 11. Bxh7+ Kh8 12. Qd3 Qh4 13. Be4 d5 14. cxd5 exd5
15. Bxd5 Bf5 16. Qd2 Nc6 17. Nf3 Qxb4 18. Ba3 Qxd2+ 19. Nxd2 Nd4 20. Bxf8 Nc7
21. Bxb7 Rb8 22. O-O Rxb7 23. Nc4 Bd3 24. Nd6 Rb8 25. Rfd1 Ne2+ 26. Kh1 Bg6 27.
Be7 Nb5 28. Nxb5 Rxb5 29. Bd6 a5 30. h3 Nc3 31. Re1 Rb2 32. Bc5 Ne4 33. Bd4 Rd2
34. Be3 Rd5 35. f4 Nc3 36. Ra3 Rd3 37. Rc1 Nb1 38. Rxd3 Bxd3 39. Rc8+ Kh7 40.
Ra8 Na3 41. Rxa5 Nc4 42. Rd5 Be4 43. Rd4 Bxg2+ 44. Kxg2 Nxe3+ 45. Kf3 Nf5 46.
Ra4 Kg6 47. Ra7 Nh6 48. Ke4 Kh5 49. f5 Kg5 50. e6 fxe6 51. Rxg7+ Kh4 52. fxe6
Kxh3 53. Rh7 1-0

[Event "Klatovy"]
[Site "?"]
[Date "2007.??.??"]
[Round "?"]
[White "Kubat, M."]
[Black "Rezac, J."]
[Result "1/2-1/2"]
[WhiteElo "1940"]
[BlackElo "1765"]
[PlyCount "22"]
[EventDate "2007.??.??"]

1. e4 c5 2. Nc3 Nc6 3. g3 b6 4. Bg2 Bb7 5. Nge2 g6 6. O-O Bg7 7. d3 e6 8. Bf4
e5 9. Be3 Nge7 10. Qd2 O-O 11. Bh6 f5 1/2-1/2

[Event "Klatovy"]
[Site "?"]
[Date "2007.??.??"]
[Round "?"]
[White "Svec, L."]
[Black "Jenc, M."]
[Result "0-1"]
[WhiteElo "1855"]
[BlackElo "1965"]
[PlyCount "76"]
[EventDate "2007.??.??"]

1. e4 c5 2. Nf3 d6 3. d4 cxd4 4. Nxd4 Nf6 5. Nc3 Nc6 6. Be2 e6 7. Be3 Be7 8.
O-O a6 9. f4 O-O 10. Bf3 Qc7 11. Qe1 Nxd4 12. Bxd4 e5 13. fxe5 dxe5 14. Be3 Bc5
15. Qf2 Ng4 16. Bxg4 Bxe3 17. Qxe3 Bxg4 18. Rf2 Be6 19. Nd5 Bxd5 20. exd5 Rfd8
21. Raf1 f6 22. Rd2 Rd7 23. Rfd1 Rc8 24. d6 Qc5 25. Kf2 Kf7 26. Qxc5 Rxc5 27.
b3 b5 28. Ke3 Ke6 29. Ra1 Rc3+ 30. Ke2 Rxd6 31. Rxd6+ Kxd6 32. Kd2 Rc5 33. c3
e4 34. a4 Rd5+ 35. Kc2 e3 36. axb5 axb5 37. Re1 Rd2+ 38. Kc1 Rxg2 0-1

[Event "Klatovy"]
[Site "?"]
[Date "2007.??.??"]
[Round "?"]
[White "Straka, V."]
[Black "Travnik, P."]
[Result "1/2-1/2"]
[WhiteElo "1930"]
[BlackElo "1825"]
[PlyCount "29"]
[EventDate "2007.??.??"]

1. d4 Nf6 2. c4 g6 3. Nc3 Bg7 4. e4 d6 5. f3 O-O 6. Bg5 h6 7. Be3 e5 8. dxe5
dxe5 9. Qxd8 Rxd8 10. Nd5 Nxd5 11. cxd5 c6 12. Bc4 Bd7 13. Ne2 cxd5 14. Bxd5
Nc6 15. a3 1/2-1/2

[Event "Klatovy"]
[Site "?"]
[Date "2007.??.??"]
[Round "?"]
[White "Sibl, V."]
[Black "Sterba, K."]
[Result "1/2-1/2"]
[WhiteElo "1900"]
[BlackElo "1805"]
[PlyCount "36"]
[EventDate "2007.??.??"]

1. e4 e5 2. Nf3 Nc6 3. Bb5 a6 4. Bxc6 dxc6 5. d3 f6 6. O-O Ne7 7. Nbd2 Be6 8.
a4 Ng6 9. b3 Qd7 10. Nc4 O-O-O 11. Bd2 Bc5 12. Ne3 h5 13. b4 Bd4 14. Nxd4 exd4
15. Nc4 Bxc4 16. dxc4 Ne5 17. c5 Qg4 18. Qxg4+ Nxg4 1/2-1/2

[Event "Klatovy"]
[Site "?"]
[Date "2007.??.??"]
[Round "?"]
[White "Skut, M."]
[Black "Nguyen, D."]
[Result "1/2-1/2"]
[WhiteElo "1895"]
[BlackElo "1820"]
[PlyCount "25"]
[EventDate "2007.??.??"]

1. c4 Nf6 2. e3 e6 3. Ne2 b6 4. Nd4 Bb7 5. Nf3 Be7 6. Be2 O-O 7. O-O d5 8. d4
c5 9. b3 Nc6 10. Bb2 cxd4 11. Nxd4 Nxd4 12. exd4 Qc7 13. Nd2 1/2-1/2

[Event "Klatovy"]
[Site "?"]
[Date "2007.??.??"]
[Round "?"]
[White "Muzikar, M."]
[Black "Palla, R."]
[Result "1-0"]
[WhiteElo "1890"]
[BlackElo "1800"]
[PlyCount "33"]
[EventDate "2007.??.??"]

1. e4 c5 2. Nf3 Nc6 3. d4 cxd4 4. Nxd4 Nf6 5. Nc3 e5 6. Ndb5 d6 7. Nd5 Nxd5 8.
exd5 Ne7 9. c4 a6 10. Qa4 axb5 11. Qxa8 bxc4 12. Bxc4 Nf5 13. Bb5+ Ke7 14. Bg5+
f6 15. Rc1 fxg5 16. Rxc8 Nh6 17. Rc7+ 1-0

[Event "Klatovy"]
[Site "?"]
[Date "2007.??.??"]
[Round "?"]
[White "Hacaperka, M."]
[Black "Hampel, R."]
[Result "1-0"]
[WhiteElo "1935"]
[BlackElo "1820"]
[PlyCount "73"]
[EventDate "2007.??.??"]

1. e4 c5 2. f4 e6 3. Nf3 d5 4. exd5 exd5 5. Bb5+ Bd7 6. Qe2+ Be7 7. O-O Bxb5 8.
Qxb5+ Qd7 9. Qxd7+ Nxd7 10. Nc3 Ngf6 11. Re1 a6 12. d4 c4 13. g4 Nb6 14. g5
Nfd7 15. a4 a5 16. Nh4 Kf8 17. Nf5 Bb4 18. Bd2 Nb8 19. Re2 Nc6 20. Nb5 Bxd2 21.
Rxd2 g6 22. Nfd6 Rb8 23. Re2 Kg7 24. c3 h6 25. Nc7 hxg5 26. fxg5 Nd7 27. Nce8+
Kf8 28. Rf1 Rh7 29. Nf6 Nxf6 30. gxf6 Rh4 31. Rfe1 Kg8 32. Re8+ Rxe8 33. Rxe8+
Kh7 34. Nxf7 g5 35. Nxg5+ Kg6 36. f7 Rg4+ 37. Kh1 1-0